[Event "IV Festival A"]
[Site "Cesenatico ITA"]
[Date "1999.08.??"]
[Round "9"]
[White "Lazzarato, Alberto"]
[Black "Rossi, Giampiero"]
[Result "1/2-1/2"]
[WhiteElo "2177"]
[BlackElo "2020"]
[PlyCount "69"]
[EventDate "1999.08.30"]

1. e4 c5 2. Nf3 e6 3. d4 cxd4 4. Nxd4 a6 5. Bd3 Nc6 6. Nxc6 dxc6 7. Nd2 e5 8.
Qh5 Bd6 9. Nc4 Bc7 10. Bg5 Nf6 11. Qh4 h6 12. O-O-O O-O 13. Bd2 Qe7 14. f3 Be6
15. g4 Rfe8 16. Qf2 Bxc4 17. Bxc4 Rad8 18. g5 hxg5 19. Bxg5 Nxe4 20. fxe4 Qxg5+
21. Kb1 Qf4 22. Qe2 Rxd1+ 23. Rxd1 Rd8 24. Rf1 Rd2 25. Qe1 Qxh2 26. Rxf7 Kh7
27. Rxc7 Rxc2 28. Bb3 Rxb2+ 29. Ka1 Rg2 30. Rf7 Rg1 31. Rf1 Rxf1 32. Qxf1 Qf4
33. Qh1+ Kg6 34. Qd1 Kg5 35. Bc2 1/2-1/2

[Event "IV Festival A"]
[Site "Cesenatico ITA"]
[Date "1999.08.??"]
[Round "9"]
[White "Maio, Matteo"]
[Black "Costantini, Roberto"]
[Result "0-1"]
[WhiteElo "2137"]
[BlackElo "2196"]
[PlyCount "20"]
[EventDate "1999.08.30"]

1. e4 c5 2. b4 b6 3. bxc5 bxc5 4. Bc4 e6 5. Qe2 Bb7 6. f4 Be7 7. Nf3 Nf6 8. Nc3
O-O 9. e5 Nd5 10. Ne4 Nxf4 0-1

[Event "IV Festival A"]
[Site "Cesenatico ITA"]
[Date "1999.08.??"]
[Round "9"]
[White "Niermann, Rainer"]
[Black "Reichenbacher, Gerhard"]
[Result "1-0"]
[WhiteElo "2147"]
[BlackElo "2057"]
[PlyCount "57"]
[EventDate "1999.08.30"]

1. e4 c5 2. Nc3 e6 3. g3 d5 4. Bg2 dxe4 5. Nxe4 Nf6 6. d3 Nbd7 7. Nf3 Nxe4 8.
dxe4 Qc7 9. O-O Bd6 10. Bd2 O-O 11. Bc3 Rd8 12. Qe2 Ne5 13. Rad1 Nxf3+ 14. Qxf3
e5 15. Qh5 Be6 16. f4 f6 17. Bh3 Bf7 18. Qh4 c4 19. Bf5 Bc5+ 20. Kg2 h6 21.
fxe5 fxe5 22. Bxe5 Qe7 23. Qxe7 Bxe7 24. Bc7 Rxd1 25. Rxd1 c3 26. b3 Rf8 27.
Be5 Bb4 28. Rd7 g6 29. Bxg6 1-0

[Event "IV Festival A"]
[Site "Cesenatico ITA"]
[Date "1999.08.??"]
[Round "9"]
[White "Prelati, Maurizio"]
[Black "Franza, Marco"]
[Result "1-0"]
[WhiteElo "2129"]
[BlackElo "2009"]
[PlyCount "103"]
[EventDate "1999.08.30"]

1. e4 c5 2. d4 cxd4 3. c3 dxc3 4. Nxc3 d6 5. Bc4 Nc6 6. Nf3 e6 7. O-O a6 8. Qe2
b5 9. Bb3 Ra7 10. Be3 Rd7 11. Rac1 Bb7 12. Nxb5 axb5 13. Qxb5 Nge7 14. Ba4 e5
15. Rfd1 f6 16. h4 g6 17. Rxd6 Rxd6 18. Qxb7 Qd7 19. Qa8+ Kf7 20. Bc5 Bg7 21.
Bb3+ Nd5 22. Qa6 Nd4 23. Bxd6 Nxb3 24. axb3 Rd8 25. Bxe5 fxe5 26. exd5 Qxd5 27.
Ng5+ Ke7 28. Rc7+ Rd7 29. Rxd7+ Qxd7 30. Qc4 Bh6 31. Qf7+ Kd6 32. Qxd7+ Kxd7
33. Nxh7 Ke6 34. Ng5+ Kf5 35. Kf1 Kg4 36. g3 Bf8 37. Kg2 Bb4 38. f3+ Kf5 39.
Kf2 Bd2 40. Ke2 Bc1 41. b4 Bxb2 42. b5 Bd4 43. Kd3 Bf2 44. Ne4 Bb6 45. Kc4 Ke6
46. g4 Be3 47. h5 gxh5 48. gxh5 Kd7 49. Kd5 Bf4 50. Nf6+ Kc7 51. Ng4 Kb6 52.
Kc4 1-0

[Event "IV Festival A"]
[Site "Cesenatico ITA"]
[Date "1999.08.??"]
[Round "9"]
[White "Vancini, Edoardo"]
[Black "Brancaleoni, Maurizio"]
[Result "1/2-1/2"]
[WhiteElo "2255"]
[BlackElo "2197"]
[PlyCount "97"]
[EventDate "1999.08.30"]

1. d4 Nf6 2. Bg5 d5 3. Bxf6 gxf6 4. e3 c5 5. Nf3 Nc6 6. c4 cxd4 7. exd4 Bg4 8.
Nc3 e5 9. cxd5 Nxd4 10. Nxd4 Bxd1 11. Bb5+ Qd7 12. Rxd1 exd4 13. Bxd7+ Kxd7 14.
Rxd4 Bd6 15. Kd2 Be5 16. Rb4 b6 17. f4 Bxc3+ 18. bxc3 Rhg8 19. g3 h5 20. Re1 h4
21. gxh4 f5 22. Rd4 Rg4 23. d6 Re8 24. Rxe8 Kxe8 25. d7+ Kd8 26. a4 Rxh4 27.
Kd3 Rxh2 28. Kc4 Rb2 29. Rd5 a6 30. Kd3 Rb1 31. Kc2 Ra1 32. Kb3 Rb1+ 33. Kc2
Ra1 34. Rd4 Re1 35. Rd6 Re4 36. Kb3 b5 37. Rxa6 bxa4+ 38. Rxa4 Kxd7 39. Rd4+
Kc6 40. Kc4 Re1 41. Kd3 Rd1+ 42. Ke3 Rc1 43. Kd2 Rf1 44. Kd3 Rf3+ 45. Kc4 Re3
46. Kb4 Rf3 47. Kc4 Re3 48. Kb4 Re1 49. Kc4 1/2-1/2

[Event "IV Festival A"]
[Site "Cesenatico ITA"]
[Date "1999.08.??"]
[Round "9"]
[White "Visser, Yge"]
[Black "Braun, Christian"]
[Result "1-0"]
[WhiteElo "2378"]
[BlackElo "2167"]
[PlyCount "59"]
[EventDate "1999.08.30"]

1. e4 c5 2. Nf3 e6 3. d3 Nc6 4. g3 d5 5. Nbd2 Nf6 6. Bg2 Be7 7. O-O b6 8. Re1
Bb7 9. a3 Qc7 10. c3 h6 11. Qe2 a5 12. a4 Ba6 13. exd5 exd5 14. Nb1 O-O 15. Na3
Rfe8 16. Nb5 Qd7 17. Bf4 Rac8 18. Qf1 g5 19. Bd2 Bf8 20. Rxe8 Rxe8 21. Re1 Bb7
22. Rxe8 Qxe8 23. Qc1 Qe2 24. h4 g4 25. Nh2 Qxd3 26. Bxh6 Bxh6 27. Qxh6 Qg6 28.
Qf4 Ba6 29. Qd6 Ne4 30. Qxd5 1-0

[Event "III Open Magistrale"]
[Site "Castellaneta ITA"]
[Date "1999.08.29"]
[Round "1"]
[White "Bottino, Alexiei"]
[Black "Iordachescu, Viorel"]
[Result "0-1"]
[WhiteElo "2207"]
[BlackElo "2553"]
[PlyCount "52"]
[EventDate "1999.08.29"]

1.Nf3 Nf6 2.d4 e6 3.e3 b6 4.Bd3 Bb7 5.O-O c5 6.Nbd2 Be7 7.b3 O-O 8.Bb2 Nc6
9.a3 Rc8 10.Ne5 cxd4 11.Nxc6 dxc6 12.Bxd4 c5 13.Bb2 Qc7 14.Re1 Rcd8 15.Qe2
Nd5 16.Ne4 f5 17.Nc3 Nf6 18.e4 Ng4 19.e5 Qc6 20.f3 c4 21.fxg4 cxd3 22.cxd3
Rxd3 23.Rac1 Re3 24.Qc2 Bc5 25.Kh1 Rxe1+ 26.Rxe1 fxg4 0-1

[Event "III Open Magistrale"]
[Site "Castellaneta ITA"]
[Date "1999.08.29"]
[Round "1"]
[White "Calabro', Marco"]
[Black "Scafarelli, Francesco"]
[Result "0-1"]
[WhiteElo "1903"]
[BlackElo "2310"]
[PlyCount "70"]
[EventDate "1999.08.29"]

1.e4 c5 2.Nc3 Nc6 3.Nge2 e6 4.g3 d5 5.exd5 exd5 6.d4 Bg4 7.Bg2 Nxd4 8.O-O 
Nf6 9.Qd3 Nxe2+ 10.Nxe2 c4 11.Qe3+ Be7 12.Nf4 O-O 13.h3 Bf5 14.c3 Re8 15.
Rd1 Bc2 16.Rd2 Bd6 17.Qd4 Re1+ 18.Kh2 Be5 19.Qc5 Ne4 20.Bxe4 Bxe4 21.Ng2 
Rf1 22.Qe3 Qf6 23.f4 Bc7 24.Qe2 Rf3 25.Rd1 Rd3 26.Rf1 Bxg2 27.Kxg2 Qe6 28.
Qxe6 fxe6 29.Re1 Re8 30.Be3 e5 31.Bxa7 Rd2+ 32.Bf2 Bb6 33.Rf1 exf4 34.Kf3 
Rd3+ 35.Kxf4 Rf8+ 0-1

[Event "III Open Magistrale"]
[Site "Castellaneta ITA"]
[Date "1999.08.29"]
[Round "1"]
[White "Castrogiovanni, Carlo"]
[Black "Sibilio, Mario"]
[Result "0-1"]
[WhiteElo "2113"]
[BlackElo "2336"]
[PlyCount "76"]
[EventDate "1999.08.29"]

1.Nf3 d6 2.c4 g6 3.g3 Bg7 4.Bg2 Nf6 5.Nc3 O-O 6.O-O c6 7.d3 d5 8.cxd5 cxd5
9.d4 Ne4 10.Qb3 Nxc3 11.bxc3 Nc6 12.Nd2 e6 13.Ba3 Re8 14.e3 Na5 15.Qb2 Bd7
16.Bb4 Nc6 17.c4 Nxb4 18.Qxb4 Bc6 19.Rab1 Bf8 20.c5 b6 21.Nb3 Rb8 22.Qc3 
Bb5 23.Rfc1 Rc8 24.Qd2 Bc4 25.cxb6 axb6 26.Bf1 Ba3 27.Rc2 Bxf1 28.Kxf1 Qd7
29.Nc1 Qa4 30.Nb3 Rc4 31.Rxc4 dxc4 32.Na1 b5 33.Nc2 Bf8 34.Nb4 Rc8 35.Qc2 
Qa3 36.Qb2 Qxb2 37.Rxb2 c3 38.Rb1 Bxb4 0-1

[Event "III Open Magistrale"]
[Site "Castellaneta ITA"]
[Date "1999.08.29"]
[Round "1"]
[White "Ceglio, Fulvio"]
[Black "Safranska, Anda"]
[Result "0-1"]
[WhiteElo "2060"]
[BlackElo "2267"]
[PlyCount "91"]
[EventDate "1999.08.29"]

1.d4 Nf6 2.Nf3 g6 3.Bg5 Bg7 4.Nbd2 c5 5.Bxf6 Bxf6 6.Ne4 Qb6 7.Nxf6+ Qxf6 
8.c3 d6 9.e3 O-O 10.Be2 cxd4 11.Nxd4 Nc6 12.Nxc6 bxc6 13.O-O Rb8 14.Qd2 
Bf5 15.b3 Rfd8 16.Rfd1 e5 17.c4 Qe7 18.Bf3 Qc7 19.Rac1 a5 20.e4 Be6 21.Be2
Kg7 22.f3 c5 23.Qc3 a4 24.Ra1 Rb4 25.Rdb1 Rdb8 26.Bd3 f6 27.Kf2 Kf7 28.Ke2
R8b7 29.Rb2 axb3 30.axb3 Qb8 31.Rab1 Ra7 32.Kd2 Qf8 33.Rh1 Ra3 34.Kc2 Bd7 
35.Rhb1 Qh6 36.h3 f5 37.Qd2 f4 38.Bf1 Qf8 39.Be2 Qb8 40.Kc3 Ke7 41.Bd1 Be6
42.Be2 Qa7 43.Qc2 Qa5 44.Kd3 Bxc4+ 45.Qxc4 Rxc4 46.Kxc4 0-1

[Event "III Open Magistrale"]
[Site "Castellaneta ITA"]
[Date "1999.08.29"]
[Round "1"]
[White "Chatalbashev, Boris"]
[Black "Sansonetti, Giorgio"]
[Result "1-0"]
[WhiteElo "2524"]
[BlackElo "2194"]
[PlyCount "75"]
[EventDate "1999.08.29"]

1.d4 e6 2.c4 f5 3.g3 Nf6 4.Bg2 d5 5.Nh3 c6 6.O-O Bd6 7.b3 O-O 8.Ba3 Bxa3 
9.Nxa3 Qe7 10.Nc2 dxc4 11.bxc4 e5 12.dxe5 Qxe5 13.Nf4 Nbd7 14.Rb1 Nc5 15.
Nd3 Qe7 16.Nxc5 Qxc5 17.Qd4 Qe7 18.Ne3 Be6 19.Qe5 Qf7 20.Rxb7 Qxb7 21.
Qxe6+ Kh8 22.Nxf5 Rae8 23.Qd6 Qf7 24.Qd3 Qe6 25.Nd4 Qf7 26.Nxc6 Qh5 27.e3 
Rf7 28.h3 Rd7 29.Nd4 Rc8 30.Rb1 Qf7 31.g4 h6 32.c5 Rxc5 33.Rb8+ Ne8 34.Qb3
Qg6 35.Qe6 Qxe6 36.Nxe6 Rc1+ 37.Kh2 Re7 38.Nf8 1-0

[Event "III Open Magistrale"]
[Site "Castellaneta ITA"]
[Date "1999.08.29"]
[Round "1"]
[White "Chiaretti, Roberto"]
[Black "Miezis, Normunds"]
[Result "0-1"]
[WhiteElo "2185"]
[BlackElo "2524"]
[PlyCount "70"]
[EventDate "1999.08.29"]

1.d4 Nf6 2.c4 c5 3.e3 e6 4.Nf3 cxd4 5.exd4 Bb4+ 6.Nc3 d5 7.Bd3 O-O 8.O-O 
dxc4 9.Bxc4 Nbd7 10.Qd3 a6 11.a4 Qa5 12.Bg5 h6 13.Bh4 Bxc3 14.Qxc3 Qxc3 
15.bxc3 Ne4 16.Rfc1 g5 17.Bg3 g4 18.Ne1 Nxg3 19.hxg3 Nf6 20.Rcb1 Ne4 21.
Rc1 Bd7 22.Bd3 Bc6 23.Be2 h5 24.Nd3 Rfd8 25.Nf4 Nf6 26.a5 Rac8 27.f3 Kg7 
28.Kf2 Rh8 29.c4 Rcd8 30.Ke3 h4 31.gxh4 gxf3 32.gxf3 Rxh4 33.Rh1 Rxh1 34.
Rxh1 Ng4+ 35.Kd2 Rxd4+ 0-1

[Event "III Open Magistrale"]
[Site "Castellaneta ITA"]
[Date "1999.08.29"]
[Round "1"]
[White "Cioara, Andrei Nestor"]
[Black "Pizzuto, Samuele Tullio"]
[Result "0-1"]
[WhiteElo "2423"]
[BlackElo "2133"]
[PlyCount "64"]
[EventDate "1999.08.29"]

1.e4 Nc6 2.Nf3 Nf6 3.Nc3 d5 4.e5 Ne4 5.d4 Bg4 6.Be3 e6 7.Bd3 Bb4 8.O-O 
Nxc3 9.bxc3 Bxc3 10.Rb1 Bxd4 11.Rxb7 Bxe3 12.Bb5 O-O 13.Bxc6 Bb6 14.a4 a5 
15.h3 Bh5 16.Qd3 Qe7 17.Rxb6 cxb6 18.Bxa8 Rxa8 19.Nd4 Qb4 20.f4 Bg6 21.f5 
exf5 22.Nxf5 Qc5+ 23.Kh1 Re8 24.Qf3 Rxe5 25.Nxg7 Qf8 26.Qf6 Qxg7 27.Qxb6 
h6 28.Qxa5 Re2 29.Qb5 Qe5 30.a5 Rxc2 31.a6 Be4 32.Rg1 Qg3 0-1

[Event "III Open Magistrale"]
[Site "Castellaneta ITA"]
[Date "1999.08.29"]
[Round "1"]
[White "De Santis, Alessio"]
[Black "Di Gianni, Rocco"]
[Result "1-0"]
[WhiteElo "2352"]
[BlackElo "2120"]
[PlyCount "67"]
[EventDate "1999.08.29"]

1.d4 f5 2.Nf3 Nf6 3.e3 e6 4.Bd3 b6 5.Nbd2 Bb7 6.c4 g6 7.Qc2 Nc6 8.a3 Bg7 
9.b4 Qe7 10.b5 Nd8 11.a4 a5 12.Ba3 d6 13.O-O O-O 14.Rae1 Nf7 15.e4 Qd7 16.
e5 dxe5 17.Bxf8 Rxf8 18.dxe5 Ng4 19.c5 Rd8 20.Bc4 bxc5 21.Nb3 Bxf3 22.gxf3
Ngxe5 23.Rd1 Nxf3+ 24.Kg2 Nd4 25.Nxc5 Qe7 26.Rxd4 Rxd4 27.Nxe6 Rg4+ 28.Kh1
Qb4 29.f4 Nd6 30.Bd5 Bc3 31.Rc1 c6 32.bxc6 Bd2 33.Rb1 Be3 34.h3 1-0

[Event "III Open Magistrale"]
[Site "Castellaneta ITA"]
[Date "1999.08.29"]
[Round "1"]
[White "De Vita, Igor"]
[Black "Badea, Bela"]
[Result "0-1"]
[WhiteElo "2154"]
[BlackElo "2479"]
[PlyCount "94"]
[EventDate "1999.08.29"]

1.d4 g6 2.Nf3 Bg7 3.g3 d6 4.Bg2 Nd7 5.O-O e5 6.c4 Ne7 7.Nc3 O-O 8.e3 exd4 
9.exd4 Nf5 10.Bg5 f6 11.Bc1 c6 12.b3 Nh6 13.Bb2 Nf7 14.Re1 f5 15.Qc2 Nf6 
16.Rad1 f4 17.Ne4 Bf5 18.Nxf6+ Qxf6 19.Qe2 Bg4 20.h3 Bc8 21.Qe7 Qxe7 22.
Rxe7 Bf6 23.Ree1 a5 24.a3 Ng5 25.Nxg5 Bxg5 26.Bc1 Bf5 27.h4 Bh6 28.Be4 Bd7
29.f3 Rf7 30.Kg2 Ra6 31.Bc2 d5 32.c5 Kg7 33.g4 Kf8 34.Bb2 Bg7 35.Bc3 Bf6 
36.Rh1 Ra8 37.h5 gxh5 38.Rxh5 Re8 39.Kf2 a4 40.b4 Re3 41.Bd3 Rg7 42.Rhh1 
h5 43.Rxh5 Rxf3+ 44.Kxf3 Bxg4+ 45.Kxf4 Bxh5 46.Rf1 Ke7 47.Be2 Bxe2 0-1

[Event "III Open Magistrale"]
[Site "Castellaneta ITA"]
[Date "1999.08.29"]
[Round "1"]
[White "Efimov, Igor"]
[Black "Viaggi, Giovanni"]
[Result "1-0"]
[WhiteElo "2445"]
[BlackElo "2145"]
[PlyCount "80"]
[EventDate "1999.08.29"]

1.d4 Nf6 2.c4 Nc6 3.Nf3 e6 4.Bg5 Bb4+ 5.Nbd2 h6 6.Bxf6 Qxf6 7.e3 e5 8.d5 
Ne7 9.Bd3 O-O 10.O-O Bxd2 11.Nxd2 d6 12.b4 Qh4 13.f4 f5 14.Qb3 Ng6 15.g3 
Qf6 16.c5 Kh8 17.Rac1 Bd7 18.cxd6 Qxd6 19.Rc5 Rac8 20.Rfc1 exf4 21.exf4 
Rfe8 22.Bf1 c6 23.Bg2 b6 24.R5c2 cxd5 25.Qxd5 Qxd5 26.Bxd5 Rxc2 27.Rxc2 
Ne7 28.Bb7 Bb5 29.Nf3 Ng8 30.Nd4 Bd3 31.Rc8 Rxc8 32.Bxc8 Ne7 33.Be6 g6 34.
Kf2 Kg7 35.Ke3 Be4 36.a3 Kf6 37.Bd7 g5 38.fxg5+ hxg5 39.Ke2 f4 40.Kf2 Bc6 
1-0

[Event "III Open Magistrale"]
[Site "Castellaneta ITA"]
[Date "1999.08.29"]
[Round "1"]
[White "Ficco, Corrado"]
[Black "Ortega, Lexy"]
[Result "0-1"]
[WhiteElo "2169"]
[BlackElo "2499"]
[PlyCount "64"]
[EventDate "1999.08.29"]

1.Nf3 d5 2.d4 e6 3.c4 dxc4 4.e3 b5 5.a4 c6 6.axb5 cxb5 7.b3 Bb4+ 8.Bd2 
Bxd2+ 9.Nbxd2 a5 10.bxc4 b4 11.c5 Nf6 12.Bb5+ Bd7 13.Qa4 O-O 14.O-O Nd5 
15.Bxd7 Qxd7 16.Nc4 Qxa4 17.Rxa4 Nc6 18.Nfe5 Nxe5 19.Nxe5 Nc3 20.Raa1 b3 
21.Nc4 Rfb8 22.Nb2 Na2 23.Na4 Rb4 24.Nb6 Ra6 25.Rfb1 a4 26.d5 Raxb6 27.
cxb6 exd5 28.g3 Rxb6 29.Kg2 Kf8 30.Rb2 Nc3 31.f4 Ke7 32.Kf3 Kd6 0-1

[Event "III Open Magistrale"]
[Site "Castellaneta ITA"]
[Date "1999.08.29"]
[Round "1"]
[White "Genocchio, Daniele"]
[Black "Patavia, Antonio"]
[Result "0-1"]
[WhiteElo "2291"]
[BlackElo "2080"]
[PlyCount "46"]
[EventDate "1999.08.29"]

1.e4 e6 2.d4 d5 3.e5 b6 4.c3 Qd7 5.Bd3 Ba6 6.Bc2 c5 7.Ne2 Nc6 8.a3 Nge7 9.
Be3 Ng6 10.h4 Be7 11.g3 f6 12.f4 Na5 13.h5 Nf8 14.Kf2 Kd8 15.h6 gxh6 16.
exf6 Bxf6 17.dxc5 Nc4 18.Bd4 e5 19.fxe5 Bxe5 20.Nf4 Ng6 21.Rxh6 Nxf4 22.
Bxe5 Nh3+ 23.Rxh3 Nxe5 0-1

[Event "III Open Magistrale"]
[Site "Castellaneta ITA"]
[Date "1999.08.29"]
[Round "1"]
[White "Gueci, Riccardo"]
[Black "Tomescu, Vlad"]
[Result "0-1"]
[WhiteElo "2151"]
[BlackElo "2453"]
[PlyCount "75"]
[EventDate "1999.08.29"]

1.e4 c5 2.c3 d5 3.exd5 Qxd5 4.d4 Nf6 5.Nf3 Bg4 6.Be2 e6 7.O-O Nc6 8.h3 Bh5
9.Na3 cxd4 10.Nb5 Rc8 11.Nbxd4 Nxd4 12.Nxd4 Bxe2 13.Qxe2 Be7 14.Rd1 a6 15.
Nf3 Qa5 16.Bg5 O-O 17.Bh4 Rfd8 18.Nd4 Kf8 19.Qf3 Qd5 20.Qxd5 Rxd5 21.Kf1 
g5 22.Bg3 Ne4 23.Bh2 Rcd8 24.f3 Nc5 25.Ke2 Na4 26.Rd2 Bf6 27.Rad1 h6 28.f4
Kg7 29.g4 Kg6 30.f5+ exf5 31.gxf5+ Kg7 32.Bg1 b5 33.Kf3 Kh7 34.Kg4 Re8 35.
Rf1 b4 36.Rf3 Nxb2 37.Rxb2 bxc3 38.Rb4 0-1

[Event "III Open Magistrale"]
[Site "Castellaneta ITA"]
[Date "1999.08.29"]
[Round "1"]
[White "Indelicati, Giuseppe"]
[Black "Delfino, Luigi"]
[Result "1-0"]
[WhiteElo "2239"]
[BlackElo "1909"]
[PlyCount "49"]
[EventDate "1999.08.29"]

1.e4 e5 2.Nf3 Nc6 3.Bb5 a6 4.Ba4 f5 5.d4 exd4 6.e5 Bc5 7.O-O Nge7 8.c3 d3 
9.Re1 h6 10.Qxd3 d5 11.Nbd2 Be6 12.Nb3 Bb6 13.Nbd4 Qd7 14.Be3 Bxd4 15.Nxd4
O-O-O 16.b4 g5 17.Nxe6 Qxe6 18.Bd4 h5 19.Rab1 Rh6 20.b5 Nxd4 21.cxd4 a5 
22.Rec1 b6 23.Rc3 Kb8 24.Rbc1 Rc8 25.Rc6 1-0

[Event "III Open Magistrale"]
[Site "Castellaneta ITA"]
[Date "1999.08.29"]
[Round "1"]
[White "Lazarev, Vladimir"]
[Black "Scalcione, Michelangelo"]
[Result "1-0"]
[WhiteElo "2501"]
[BlackElo "2177"]
[PlyCount "95"]
[EventDate "1999.08.29"]

1.d4 Nf6 2.c4 g6 3.Nc3 Bg7 4.e4 d6 5.h3 O-O 6.Bg5 c5 7.d5 Qa5 8.Bd2 e6 9.
Bd3 exd5 10.cxd5 Nbd7 11.Nf3 Re8 12.O-O Qd8 13.Re1 a6 14.a4 b6 15.Rc1 Nh5 
16.Bg5 Bf6 17.Be3 Ne5 18.Be2 Nxf3+ 19.Bxf3 Ng7 20.Qd2 Be5 21.g4 Bd7 22.Bg2
f5 23.Bg5 Bf6 24.Bxf6 Qxf6 25.g5 Qd4 26.Rcd1 Qxd2 27.Rxd2 b5 28.b3 b4 29.
Nd1 fxe4 30.Nb2 Nf5 31.Nc4 Nd4 32.Re3 Nf5 33.Rxe4 Rxe4 34.Bxe4 Nd4 35.Rd3 
Bf5 36.Nxd6 Rd8 37.Nxf5 gxf5 38.Bg2 Kf7 39.h4 a5 40.h5 Ke7 41.Re3+ Kd6 42.
f4 c4 43.bxc4 b3 44.Bf1 b2 45.Bd3 Rb8 46.Bb1 Rb4 47.Kf2 Rxc4 48.g6 1-0

[Event "III Open Magistrale"]
[Site "Castellaneta ITA"]
[Date "1999.08.29"]
[Round "1"]
[White "Piscopo, Pierluigi"]
[Black "Isonzo, David"]
[Result "1/2-1/2"]
[WhiteElo "2039"]
[BlackElo "2257"]
[PlyCount "79"]
[EventDate "1999.08.29"]

1.e4 c5 2.Nf3 d6 3.d4 cxd4 4.Nxd4 Nf6 5.Nc3 a6 6.Bc4 e6 7.Bb3 b5 8.O-O Be7
9.f4 O-O 10.Be3 Qc7 11.f5 b4 12.Na4 e5 13.Ne2 Nbd7 14.Ng3 Bb7 15.Qf3 Bc6 
16.c3 Qb7 17.Bg5 d5 18.exd5 Nxd5 19.Bxe7 Nxe7 20.Qg4 Qa7+ 21.Rf2 Nf6 22.
Qxb4 Rab8 23.Qc5 Qb7 24.h3 Ned5 25.Rd1 Rfc8 26.Qd6 Ne3 27.Nc5 Qb6 28.Rdd2 
Nxg2 29.Rxg2 Bxg2 30.Qxb6 Rxb6 31.Kxg2 g6 32.Nd7 Nxd7 33.Rxd7 Rf6 34.Ne4 
Rxf5 35.Nd6 Rg5+ 36.Kh2 Rf8 37.Nxf7 Rh5 38.Nxe5+ Kh8 39.Nf7+ Kg7 40.Ng5+ 
1/2-1/2

[Event "III Open Magistrale"]
[Site "Castellaneta ITA"]
[Date "1999.08.29"]
[Round "1"]
[White "Rausis, Igors"]
[Black "Campanile, Roberto"]
[Result "1-0"]
[WhiteElo "2496"]
[BlackElo "2156"]
[PlyCount "75"]
[EventDate "1999.08.29"]

1.d4 Nf6 2.Bg5 g6 3.Bxf6 exf6 4.c4 Bg7 5.Nc3 d6 6.e3 Nd7 7.g4 h5 8.gxh5 
Rxh5 9.Be2 Rh8 10.Qc2 f5 11.O-O-O Nf6 12.Bf3 c6 13.Nge2 Qa5 14.Qb3 Kd8 15.
Nf4 Bh6 16.Nd3 Kc7 17.d5 c5 18.Nb5+ Kd7 19.Kb1 a6 20.Nc3 b5 21.Nxc5+ dxc5 
22.d6 Rb8 23.cxb5 Ke8 24.Bc6+ Bd7 25.Nd5 Bxc6 26.Nxf6+ Kf8 27.bxc6 Rxb3 
28.axb3 Kg7 29.Nd5 Bg5 30.c7 Qb5 31.h4 c4 32.bxc4 Qxc4 33.Rd4 Qc6 34.Re1 
Qxd6 35.hxg5 Rc8 36.Nf6 Qe5 37.Rd8 Qe6 38.Rh1 1-0

[Event "III Open Magistrale"]
[Site "Castellaneta ITA"]
[Date "1999.08.29"]
[Round "1"]
[White "Rettore, Ludwig"]
[Black "De Bortoli, Peter"]
[Result "0-1"]
[WhiteElo "1909"]
[BlackElo "2225"]
[PlyCount "52"]
[EventDate "1999.08.29"]

1.e4 c5 2.Nf3 d6 3.d4 cxd4 4.Nxd4 Nf6 5.Nc3 a6 6.Be2 e6 7.O-O Nbd7 8.f4 
Qc7 9.Bf3 Be7 10.Be3 Nb6 11.Rb1 Nc4 12.Bf2 h5 13.Re1 Bd7 14.Qd3 Rc8 15.e5 
dxe5 16.fxe5 Nxe5 17.Rxe5 Qxe5 18.Bxb7 Rd8 19.Nf3 Qc7 20.Bxa6 Ng4 21.Nb5 
Qf4 22.Bb6 Bc6 23.Bxd8 Bc5+ 24.Nbd4 Bxf3 25.Qb5+ Kxd8 26.Qa5+ Kd7 0-1

[Event "III Open Magistrale"]
[Site "Castellaneta ITA"]
[Date "1999.08.29"]
[Round "1"]
[White "Sermek, Drazen"]
[Black "Sabia, Corrado"]
[Result "1-0"]
[WhiteElo "2545"]
[BlackElo "2198"]
[PlyCount "93"]
[EventDate "1999.08.29"]

1.e4 c5 2.c3 d5 3.exd5 Qxd5 4.d4 Nf6 5.Nf3 e6 6.Na3 cxd4 7.Nb5 Qd8 8.Qxd4 
a6 9.Qxd8+ Kxd8 10.Ne5 axb5 11.Nxf7+ Ke8 12.Nxh8 Bd7 13.Bd3 Bc6 14.O-O Bd6
15.Re1 Ke7 16.Bf5 Bd5 17.Bg5 Na6 18.Rad1 Bxa2 19.Bd3 Rxh8 20.Bxb5 Bb3 21.
Rd4 Rc8 22.Ra1 Nc5 23.Ra7 Rc7 24.Ra8 Nd7 25.Rg8 Kf7 26.Rd8 Ke7 27.Rg8 Kf7 
28.Rh8 Bc5 29.Rd2 h6 30.Bh4 Nf8 31.Bg3 Rc8 32.h3 b6 33.Kh2 Ra8 34.Bc6 Ra1 
35.Rd8 Rd1 36.Rb8 Rd2 37.Rb7+ Kg6 38.Rc7 Rxb2 39.Bf3 N8h7 40.h4 Bd5 41.h5+
Nxh5 42.Bxh5+ Kxh5 43.Rxh7 Bxf2 44.Bxf2 Rxf2 45.Rhxg7 Rc2 46.Rg3 b5 47.
Rcg7 1-0

[Event "III Open Magistrale"]
[Site "Castellaneta ITA"]
[Date "1999.08.29"]
[Round "1"]
[White "Sinelnikov, Igor"]
[Black "Mrdja, Milan"]
[Result "0-1"]
[WhiteElo "2139"]
[BlackElo "2425"]
[PlyCount "38"]
[EventDate "1999.08.29"]

1.e4 c5 2.Nc3 d6 3.g3 Nc6 4.Bg2 g6 5.Nge2 Bg7 6.O-O e6 7.d3 Nge7 8.Bg5 h6 
9.Be3 Nd4 10.Qd2 Rb8 11.Nd1 b6 12.Rb1 d5 13.Nec3 Bb7 14.a4 Qd7 15.f4 O-O 
16.f5 exf5 17.Bxh6 dxe4 18.Bxg7 Kxg7 19.dxe4 Nf3+ 0-1

[Event "III Open Magistrale"]
[Site "Castellaneta ITA"]
[Date "1999.08.29"]
[Round "2"]
[White "Cioara, Andrei Nestor"]
[Black "Artizzu, Giulio"]
[Result "1-0"]
[WhiteElo "2423"]
[BlackElo "1825"]
[PlyCount "85"]
[EventDate "1999.08.29"]

1.e4 c5 2.Nf3 d6 3.d4 cxd4 4.Nxd4 Nf6 5.Nc3 a6 6.Be3 Ng4 7.Bg5 h6 8.Bh4 g5
9.Bg3 Bg7 10.Be2 Ne5 11.f3 Nbc6 12.Bf2 Ng6 13.Nd5 O-O 14.Qd2 e6 15.Nc3 Bd7
16.g3 Rc8 17.Rd1 b5 18.Nxc6 Rxc6 19.Bd4 e5 20.Be3 Qc8 21.Rc1 Be6 22.O-O f5
23.exf5 Bxf5 24.Bd3 Ne7 25.Nd5 Nxd5 26.Bxf5 Rxf5 27.Qxd5+ Kh8 28.c3 Rf8 
29.Kg2 Qe8 30.Rcd1 Rc4 31.Qxd6 e4 32.f4 Qh5 33.Rd2 Rf6 34.Qd5 Qg4 35.h3 
Qc8 36.f5 Rf8 37.g4 b4 38.Bd4 bxc3 39.f6 Bxf6 40.Rxf6 Rxd4 41.Rxf8+ Qxf8 
42.Qxd4+ Kg8 43.Qc4+ 1-0

[Event "III Open Magistrale"]
[Site "Castellaneta ITA"]
[Date "1999.08.29"]
[Round "2"]
[White "Coratella, Giuseppe"]
[Black "Ficco, Corrado"]
[Result "0-1"]
[WhiteElo "2098"]
[BlackElo "2169"]
[PlyCount "27"]
[EventDate "1999.08.29"]

1.e4 c5 2.Nf3 e6 3.d4 cxd4 4.Nxd4 Nf6 5.Nc3 Nc6 6.Be3 Bb4 7.Bd3 d5 8.Nxc6 
bxc6 9.e5 Nd7 10.Qg4 Bf8 11.f4 g6 12.O-O Bc5 13.Bxc5 Nxc5 14.Kh1 0-1

[Event "III Open Magistrale"]
[Site "Castellaneta ITA"]
[Date "1999.08.29"]
[Round "2"]
[White "De Bortoli, Peter"]
[Black "Foisor, Ovidiu-Doru"]
[Result "0-1"]
[WhiteElo "2225"]
[BlackElo "2472"]
[PlyCount "54"]
[EventDate "1999.08.29"]

1.e4 e6 2.Nf3 d5 3.Nc3 Nf6 4.e5 Nfd7 5.b3 c5 6.Bb2 Nc6 7.Nb5 a6 8.Nd6+ 
Bxd6 9.exd6 e5 10.Qe2 O-O 11.O-O-O Qf6 12.g4 Qxd6 13.Bg2 e4 14.Nh4 Nd4 15.
Qe3 Ne5 16.h3 Re8 17.f3 exf3 18.Nxf3 Ndxf3 19.Bxf3 d4 20.Qe4 Bd7 21.Qd5 
Qf6 22.Be2 Bc6 23.Qxc5 Bxh1 24.Rxh1 d3 25.Bxd3 Nxd3+ 26.cxd3 Qf3 27.Qg1 
Qxd3 0-1

[Event "III Open Magistrale"]
[Site "Castellaneta ITA"]
[Date "1999.08.29"]
[Round "2"]
[White "Delfino, Luigi"]
[Black "De Vita, Igor"]
[Result "0-1"]
[WhiteElo "1909"]
[BlackElo "2154"]
[PlyCount "62"]
[EventDate "1999.08.29"]

1.e4 c5 2.Nf3 Nc6 3.d4 cxd4 4.Nxd4 g6 5.c4 Bg7 6.Be3 Nf6 7.Nc3 d6 8.h3 O-O
9.g3 Nxd4 10.Bxd4 Bd7 11.Bg2 Bc6 12.O-O Nd7 13.Bxg7 Kxg7 14.b3 a5 15.a3 
Qb6 16.Kh2 Qc5 17.Qe2 Nb6 18.a4 Nd7 19.f4 Rae8 20.g4 f6 21.Rf3 g5 22.Raf1 
h6 23.Qd2 Qb4 24.Qc2 Qc5 25.Qd2 Rh8 26.fxg5 hxg5 27.Rf5 Ne5 28.Kg3 Rh6 29.
Ne2 Bd7 30.Nd4 Qc7 31.R5f2 d5 0-1